00953cam a2200217 a 450000500170000000800410001702000150005804000180007304100080009104200140009904400080011308200200012124501190014126001890026030000350044965000430048465000460052770000340057370000380060771000900064520170406020002.0960626s1995 dcua b i000 0 eng d a0827035926 aNNMcNNMdDLC aeng alccopycat axxu04a333.9516bC75c200aConservation of biodiversity and the new regional planning /cedited by Richard E. Saunier and Richard A. Meganck. a[Washington, D.C.] :bDept. of Regional Development and Environment, Executive Secretariat for Economic and Social Affairs, General Secretariat, Organization of American States,c1995. aviii, 150 p. :bill. ;c23 cm.14aDiversidad biológicaxConservación 0aRegional planningxEnvironmental aspects.1 aSaunier, Richard E.,eeditor.1 aMeganck, Richard Albert,eeditor.2 aOrganization of American States.bDepartment of Regional Development and Environment.